Eurowizja 2024 - Tytuły Piosenek - Statystyki

Ogólne statystyki
  • Ten quiz został rozwiązany 547 razy
  • Średni wynik to 24 z 37
Statystyki odpowiedzi
Lp. Państwo Artysta Tytuł % Poprawnych
28. Polska Luna The Tower
90%
26. Holandia Joost Klein Europapa
87%
35. Szwajcaria Nemo The Code
86%
12. Finlandia Windows95man No Rules!
83%
20. Włochy Angelina Mango La Noia
80%
7. Chorwacja Baby Lasagna Rim Tim Tagi Dim
77%
2. Armenia Ladaniva Jako
75%
37. Wielka Brytania Olly Alexander Dizzy
73%
22. Litwa Silvester Belt Luktelk
72%
4. Austria Kaleen We Will Rave
72%
33. Hiszpania Nebulossa Zorra
72%
23. Luksemburg TALI Fighter
70%
13. Francja Slimane Mon Amour
70%
10. Dania SABA Sand
70%
32. Słowenia Raiven Veronika
70%
8. Cypr Silia Kapsis Liar
69%
19. Izrael Eden Golan Hurricane
68%
34. Szwecja Marcus & Martinus Unforgettable
68%
18. Irlandia Bambie Thug Doomsday Blue
67%
14. Gruzja Nutsa Buzaladze Firefighter
67%
9. Czechy Aiko Pedestal
67%
1. Albania Besa Titan
66%
16. Grecja Marina Satti Zari
65%
31. Serbia TEYA DORA Ramonda
64%
24. Malta Sarah Bonnici Loop
63%
30. San Marino Megara 11:11
62%
36. Ukraina alyona alyona & Jerry Heil Teresa & Maria
62%
15. Niemcy ISAAK Always On The Run
60%
21. Łotwa Dons Hollow
59%
29. Portugalia iolanda Grito
55%
6. Belgia Mustii Before The Party's Over
48%
25. Mołdawia Natalia Barbu In The Middle
48%
27. Norwegia Gåte Ulveham
48%
17. Islandia Hera Björk Scared Of Heights
43%
3. Australia Electric Fields One Milkali (One Blood)
29%
5. Azerbaijan FAHREE Özünlə Apar
20%
11. Estonia 5MIINUST x Puuluup (nendest) narkootikumidest ei tea me (küll) midagi
14%
Nie znaleziono quizów pasujących do podanych kryteriów
Rozkład punktacji
Procent ludzi z każdym wynikiem
Percentyl według liczby udzielonych odpowiedzi
Twoja historia wyników
Nie rozwiązałeś tego quizu